| 000 | 01222nam0a22002651 4500 | ||
|---|---|---|---|
| 001 | rc\3548887 | ||
| 005 | 20260406194330.0 | ||
| 021 |
_aRU _b[69-36863] |
||
| 035 | _a(NLR Aleph) 007673948 | ||
| 090 |
_a6464952 _c6464952 |
||
| 100 | _a20130115d1969 |||y0rusy50 ca | ||
| 101 | 0 | _arus | |
| 102 | _aRU | ||
| 105 | _aa c ||||| | ||
| 200 | 1 |
_aВременные указания по технологии изготовления и применению цветных бетонов в городском дорожном строительстве _eУтв. Глав. упр. благоустройства 30/I 1968 г. _fМ-во коммун. хоз-ва РСФСР. Акад. коммун. хоз-ва им. К.Д. Памфилова |
|
| 210 |
_aМосква _cОтд. науч.-техн. информации _d1969 |
||
| 215 |
_a24 с. _cчерт. _d21 |
||
| 606 |
_aБетон цветной _2psbo |
||
| 606 |
_aДорожные покрытия, бетонные _2psbo |
||
| 712 | 0 | 1 |
_aРСФСР _bГлавное управление благоустройства _9410894 _3RU\NLR\AUTH\889957395 |
| 801 | 0 |
_aRU _bNLR _gpsbo |
|
| 801 | 1 |
_aRU _bELAR _2rusmarc |
|
| 852 |
_aNLR _j69-4/11160 |
||
| 942 | _cBOOK | ||
| 980 | _aNB | ||